Composition FC Barcelone - PSG (16/04/24) - Statistiques

Statistiques générales
  • Ce quiz a été pris 456 fois
  • Le résultat moyen est 29 sur 34
Statistiques - réponses
Joueur % Correct
Ousmane Dembelé
96%
Kylian Mbappé
95%
Achraf Hakimi
94%
Bradley Barcola
92%
Frenkie De Jong
92%
Jules Koundé
92%
Marc-André Ter Stegen
92%
Marquinhos
92%
Nuno Mendes
92%
Vitinha
91%
Fabian Ruiz
90%
Luis Enrique
90%
Robert Lewandowski
90%
Ronald Araujó
90%
Lamine Yamal
89%
Pedro Gonzalez Lopez "Pedri"
89%
Gianluigi Donnarumma
88%
Kang-In Lee
88%
Raphinha
87%
Illkay Gündogan
86%
Lucas Hernandez
86%
Warren Zaïre-Emery
86%
Xavi Hernandez Creus "Xavi"
85%
1 - 4
84%
Manuel Ugarte
83%
Randal Kolo Muani
82%
João Cancelo
81%
2 - 3
80%
Pau Cubarsí
77%
Marco Asensio
74%
João Felix
68%
Ferran Torres
62%
Inigo Martinez
54%
Fermin Lopez
46%
Aucun quiz correspondant
Distribution des résultats
% des personnes avec chaque résultat
Percentile par nombre de réponses
Votre historique - résultats
Vous n’avez pas pris ce quiz